| 000 | 00479nam a22001817a 4500 | ||
|---|---|---|---|
| 005 | 20230817153949.0 | ||
| 008 | 230817b |||||||| |||| 00| 0 eng d | ||
| 020 | _a978-0-323-53113-9 | ||
| 041 | _aeng | ||
| 082 | _a616.7 | ||
| 100 |
_aKUMAR, VINAY AND ABBAS, ABDUL K. _97958 |
||
| 245 | _aROBBINS & COTRAN PATHOLOGIC BASIS OF DISEASE [VOL-II] | ||
| 250 | _a10TH, ED, 2021 | ||
| 260 |
_aHARYANA _bELSEVIER _c2021 |
||
| 300 | _a673-1356;p | ||
| 650 |
_aBPT _97959 |
||
| 942 | _cBK | ||
| 999 |
_c8376 _d8374 |
||